Evaluación genética de los bosques de roble (Quercus humboltii bonpl) en la jurisdicción de la línea de investigación en conservación de la biodiversidad en paisajes rurales (Registro nro. 4944)

Detalles MARC
000 -CABECERA
Campo de control 00620nam a2200181 a 4500
005 - FECHA Y HORA DE LA ULTIMA TRANSACCION
Campo de control 20141126140349.0
008 - ELEMENTOS DE LONGITUD FIJA—INFORMACION GENERAL
Campo de control 140124b2005 ck ||||| |||| 00| 0 spa d
040 ## - FUENTE DE CATALOGACIÓN
Agencia transcriptora 22473
041 ## - IDIOMA
Código de idioma para texto/pista de sonido o título separado Español
044 ## - PAÍS DE PUBLICACIÓN
País de publicación Colombia
090 ## - CLASIFICACIÓN LOCAL
Colección IAVH
Consecutivo 00480
100 ## - ASIENTO PRINCIPAL--NOMBRE PERSONAL
Nombre personal Barrios Leal, Dora Yovana
245 ## - MENCION DE TITULO
Título Evaluación genética de los bosques de roble (Quercus humboltii bonpl) en la jurisdicción de la línea de investigación en conservación de la biodiversidad en paisajes rurales
Parte restante del título informe final
260 ## - PUBLICACION, DISTRIBUCION, ETC. (PIE DE IMPRENTA)
Lugar de publicación, distribución, etc. Cali
Nombre del editor, distribuidor, etc. Instituto Alexander von Humboldt
Fecha de publicación, distribución, etc. 2005
300 ## - DESCRIPCION FISICA
Extensión 27 p.
942 ## - ELEMENTOS ADICIONALES (KOHA)
Tipo de ítem Informe Técnico
Sistema de clasificación Local
945 ## - PROCESAMIENTO LOCAL
AAAA-MM-DD - Fecha de ingreso o modificacion 2005-12-07
Existencias
Withdrawn status Lost status Sistema de Clasificación Damaged status No para préstamo Colección Inventariado Ubicación Permanente Ubicación actual Fecha de adquisición Total Checkouts Número topográfico Inventario / Código de Barras Date last seen Ejemplar Price effective from Forma de adquisición Tipo de material
    Local     General Inventariado 2017 Villa de Leyva Villa de Leyva 07/12/2005   IAVH-00480 022549 09/08/2024 Ej. 1 04/12/2012   Informe Técnico